İdare malları / (Record no. 1590)

MARC details
000 -LEADER
fixed length control field 01087cam a2200361 i 4500
001 - CONTROL NUMBER
control field data
005 - DATE AND TIME OF LATEST TRANSACTION
control field 20260322212108.0
008 - FIXED-LENGTH DATA ELEMENTS--GENERAL INFORMATION
fixed length control field data
035 ## - SYSTEM CONTROL NUMBER
System control number 1820263
010 ## - LIBRARY OF CONGRESS CONTROL NUMBER
LC control number 79376139
020 ## - INTERNATIONAL STANDARD BOOK NUMBER
Terms of availability 25.00TL
035 ## - SYSTEM CONTROL NUMBER
-- (DLC) 79376139
040 ## - CATALOGING SOURCE
Original cataloging agency DLC
Transcribing agency DLC
Modifying agency DLC
043 ## - GEOGRAPHIC AREA CODE
Geographic area code a-tu---
050 00 - LIBRARY OF CONGRESS CALL NUMBER
Classification number KKX3040.5
Item number .D87 1975
100 1# - MAIN ENTRY--PERSONAL NAME
Personal name Düren, Akın.
245 10 - TITLE STATEMENT
Title İdare malları /
Statement of responsibility, etc. Akın Düren.
260 ## - PUBLICATION, DISTRIBUTION, ETC.
Place of publication, distribution, etc. [Ankara :
Name of publisher, distributor, etc. Ankara Üniversitesi, Hukuk Fakültesi],
Date of publication, distribution, etc. 1975.
300 ## - PHYSICAL DESCRIPTION
Extent xi, 144 p. ;
Dimensions 24 cm.
336 ## - CONTENT TYPE
Content type term text
Content type code txt
Source rdacontent
337 ## - MEDIA TYPE
Media type term unmediated
Media type code n
Source rdamedia
338 ## - CARRIER TYPE
Carrier type term volume
Carrier type code nc
Source rdacarrier
490 0# - SERIES STATEMENT
Series statement Ankara Üniversitesi, Hukuk Fakültesi yayınları ; no. 373
504 ## - BIBLIOGRAPHY, ETC. NOTE
Bibliography, etc. note Bibliography: p. 137-141.
650 #0 - SUBJECT ADDED ENTRY--TOPICAL TERM
Topical term or geographic name entry element Government property
Geographic subdivision Turkey.
650 #0 - SUBJECT ADDED ENTRY--TOPICAL TERM
Topical term or geographic name entry element Property
Geographic subdivision Turkey.
650 #0 - SUBJECT ADDED ENTRY--TOPICAL TERM
Topical term or geographic name entry element Government property.
650 #0 - SUBJECT ADDED ENTRY--TOPICAL TERM
Topical term or geographic name entry element Property.
906 ## - LOCAL DATA ELEMENT F, LDF (RLIN)
a 7
b cbc
c orignew
d 4
e ncip
f 19
g y-gencatlg
991 ## -
-- c-LL
-- LAW
-- Copy 1
-- BOOKS
Holdings
Withdrawn status Lost status Damaged status Not for loan Home library Current library Shelving location Date acquired Total checkouts Full call number Barcode Date last seen Price effective from Koha item type
        Liberty Liberty General stacks 22/03/2026   KKX3040.5 LOC-LPL-00053 22/03/2026 22/03/2026 Books